000
00270nam a22001217a 4500
008
160510b xxu||||| |||| 00| 0 eng d
020
_a
9780072980608
020
_a
0072980605
041
_a
eng
080
_a
54
245
_a
Chemistry:
_c
Raymond Chang;
942
_2
udc
_c
BK
999
_c
1941
_d
1941